Kommunistiset valtiot - Statistics

Yleistilastot
  • Tätä visaa on pelattu 1 475 kertaa
  • Keskiarvotulos 12 / 26
Vastaustilastot
Vuodet Valtio % Oikein
1949 - nykyään Kiina
93%
1922 - 1991 Neuvostoliitto
93%
1948 - 2009 Pohjois-Korea
83%
1959 - nykyään Kuuba
73%
1945 - 1976 Pohjois-Vietnam
71%
1976 - nykyään Vietnam
71%
1944 - 1989 Puola
62%
1945 - 1991 Jugoslavia
61%
1947 - 1989 Romania
57%
1949 - 1989 Unkari
54%
1949 - 1990 Itä-Saksa
53%
1975 - nykyään Laos
52%
1924 - 1992 Mongolia
52%
1948 - 1990 Tšekkoslovakia
52%
1946 - 1990 Bulgaria
51%
1979 - 1989 Kambodža
42%
1946 - 1992 Albania
41%
1978 - 1992 Afganistan
38%
1970 - 1991 Kongon tasavalta
30%
1975 - 1992 Angola
25%
1969 - 1991 Somalia
24%
1987 - 1991 Etiopia
21%
1975 - 1990 Mosambik
17%
1967 - 1990 Etelä-Jemen
14%
1975 - 1990 Benin
9%
1979 - 1983 Grenada
7%
Ehtoja vastaavia visoja ei löytynyt
Tulosjakauma
Jokaisen tuloksen saaneiden osuus
Persentiili vastausten määrän mukaan
Tuloshistoriasi
Et ole pelannut tätä visaa